000 00272nam a2200109Ia 4500
008 190216s9999||||xx |||||||||||||| ||und||
100 _aCalicut University
245 0 _aPadya Gadya Samaharam
260 _bCalicut University Publications
650 _aKavitha
942 _cBK
999 _c26783
_d26783